| 000 | 00357nam a2200133Ia 4500 | ||
|---|---|---|---|
| 008 | 230818s1993 xx 000 0 und d | ||
| 041 | _aeng | ||
| 100 | _aLillicrap | ||
| 245 | _aFood and Berverage Service | ||
| 260 |
_bEducational law Priceed Books Sheme _c1993 |
||
| 300 | _a400p | ||
| 520 | _aGeneral | Hard Board | ||
| 999 |
_c853829 _d853829 |
||
| 650 | _aFood and Beverage service | ||